Movilidad internacional de fondos (Registro nro. 17309)

Detalles MARC
000 -LEADER
fixed length control field 00329 a2200109 4500
001 - CONTROL NUMBER
control field ART_2340
005 - DATE AND TIME OF LATEST TRANSACTION
control field 20260410161725.0
008 - FIXED-LENGTH DATA ELEMENTS--GENERAL INFORMATION
fixed length control field 260409a
100 1# - MAIN ENTRY--PERSONAL NAME
Personal name Marcel, Alberto E.
245 10 - TITLE STATEMENT
Title Movilidad internacional de fondos
773 0# - HOST ITEM ENTRY
Title Administración de empresas
Related parts - Año XVI, Nº 182 (mayo 1985)
Record control number REV2036

No hay ítems disponibles.